| 000 | 00376nam a2200145Ia 4500 | ||
|---|---|---|---|
| 008 | 230312s9999||||xx |||||||||||||| ||und|| | ||
| 020 | _a0-88487-277-7 | ||
| 082 |
_a629.1325 _bAIR |
||
| 245 | 0 | _aJoint Aviation Authorities Airlines Transport Pilot's Licence | |
| 260 |
_bOxford _aUK _c2001 |
||
| 300 | _a16-24 | ||
| 546 | _aEng. | ||
| 650 |
_aAviation _vPowerplant |
||
| 942 | _cBK | ||
| 999 |
_c8131 _d8131 |
||